Newspaper Comic Strips - Statistics

General Stats
  • This quiz has been taken 101 times
  • The average score is 12 of 18
Answer Stats
Years Hint Answer % Correct
1929- King of the Apes. And Jane. Tarzan
97%
1978- Nerdy loser & lasagna-loving cat. Garfield
89%
1985–1995 Evil genius boy & his toy tiger. Calvin and Hobbes
83%
1950–2000 A blockhead, his beagle, other children. Peanuts
82%
1973- Viking raider and family. Hägar the Horrible
81%
1930- Pretty non-brunette & tall-sandwich-making hubby. Blondie
79%
1950- Supremely lazy Army private. Beetle Bailey
74%
1989- Office cubicle dwellers. Dilbert
69%
1931- Sharp-nosed detective with wrist radio. Dick Tracy
65%
1924–1974 Adventurous red-haired girl with no parents. Little Orphan Annie
64%
1958- Philosophical cavemen. B.C.
62%
1980–1995 Ingenious, surreal single panels. The Far Side
62%
1970- Liberal political satire, orig. from Yale. Doonesbury
60%
1964- Magician in medieval court of very short king. The Wizard of Id
53%
1937- Artistically drawn, non-comical middle-ages saga. Prince Valiant
40%
1934–1977 Hillbilly in Dogpatch runs from Daisy Mae. Li’l Abner
38%
1948–1975, 1989–1993 A possum in Okefenokee Swamp. Pogo
37%
1934- Short hillbilly, originally with Barney Google. Snuffy Smith
24%
No matching quizzes found
Score Distribution
Percent of People with Each Score
Percentile by Number Answered
Your Score History
You have not taken this quiz